Pradeep`s New Course Chemistry With Value based Question Class X1 Vol--11 (Record no. 65621)
[ view plain ]
| 000 -LEADER | |
|---|---|
| fixed length control field | 00574nam a2200193Ia 4500 |
| 001 - CONTROL NUMBER | |
| control field | 64521 |
| 008 - FIXED-LENGTH DATA ELEMENTS--GENERAL INFORMATION | |
| fixed length control field | 210331n ii |||gr||||Z||||||465 |
| 041 ## - LANGUAGE CODE | |
| Language code of text/sound track or separate title | 465 |
| 082 ## - DEWEY DECIMAL CLASSIFICATION NUMBER | |
| Classification number | 540 |
| 100 ## - MAIN ENTRY--PERSONAL NAME | |
| Personal name | Dhawan Kheterpal & Kapil. |
| 245 #0 - TITLE STATEMENT | |
| Title | Pradeep`s New Course Chemistry With Value based Question Class X1 Vol--11 |
| Statement of responsibility, etc. | S N Dhawan Sc Kheterpal & P N Kapil |
| Medium | Textual Documents |
| 250 ## - EDITION STATEMENT | |
| Edition statement | Thirtieth Rev Edition. |
| 260 ## - PUBLICATION, DISTRIBUTION, ETC. | |
| Place of publication, distribution, etc. | Punjab |
| Name of publisher, distributor, etc. | Pradeep Publications |
| 300 ## - PHYSICAL DESCRIPTION | |
| Extent | MTP10pg: |
| Dimensions | 30cm. |
| 653 ## - INDEX TERM--UNCONTROLLED | |
| Uncontrolled term | Chemistry |
| 653 ## - INDEX TERM--UNCONTROLLED | |
| Uncontrolled term | G-Chemistry |
| 653 ## - INDEX TERM--UNCONTROLLED | |
| Uncontrolled term | G-Chemistry |
| 942 ## - ADDED ENTRY ELEMENTS (KOHA) | |
| Source of classification or shelving scheme | Dewey Decimal Classification |
| Koha item type | Books |
| Withdrawn status | Lost status | Damaged status | Not for loan | Collection | Home library | Current library | Shelving location | Date acquired | Coded location qualifier | Cost, normal purchase price | Total checkouts | Full call number | Barcode | Date last seen | Copy number | Price effective from | Koha item type |
|---|---|---|---|---|---|---|---|---|---|---|---|---|---|---|---|---|---|
| Dr. Suryya Kumar Bhuyan Library | Dr. Suryya Kumar Bhuyan Library | 31/03/2021 | 00000 | 1129.00 | 540 Dh 536 Pr | 6167/gift/ | 14/01/2024 | 1 | 31/03/2021 | Books |
